000 01386nam a2200229 a 4500
001 001009615
003 AM-YeHGA
005 20250617162121.0
008 140326s1952 ru r 000 0 rus d
040 _aAM-YeHGA
041 0 _arus
100 1 _aЛихачева, Любовь Петровна
_eсост.
_4com
245 1 0 _aХудожественная литература Болгарии :
_bБиблиографический указатель книг и статей, опубликованных в советской и болгарской печати в ... /
_cСост. Л.П. Лихачева; Всесоюз. гос. б-ка иностр. литературы.
260 _aМ. :
_bБ. и.,
_c1952-.
300 _aгод ;
_c22 см.
440 0 _aСтраны народной демократии
505 1 0 _g1949-1951 гг. (1952, 170 с.) :
_rСост. П.И. Ройзман
_g1952 г. (1953, 157 с.) :
_tСост. П.И. Ройзман
_g1953 г. (1955, 96 с.) :
_g1954 г. (1955, 121 с.) :
_rСост. Л.П. Лихачева
_g1955 г. (1957, 146 с.) :
_rСост. Л.П. Лихачева
650 1 4 _aОтраслевые библиографии
700 1 _aРойзман, П.И.
_eсост.
_4com
710 2 _aВсесоюзная государственная библиотека иностранной литературы
090 _c486736
999 _c483382
_d483382